| 000 | 00823nam a2200253Ia 4500 | ||
|---|---|---|---|
| 003 | OSt | ||
| 005 | 20220923215026.0 | ||
| 006 | a|||||r|||| 00| 0 | ||
| 007 | ta | ||
| 008 | 220922b |||||||| |||| 00| 0 hin d | ||
| 024 | _a174,978 | ||
| 037 | _cTextual | ||
| 040 |
_aARTS _cARTS _bhin |
||
| 041 |
_2hin _ahin |
||
| 082 | _aO152,6N40x, L3 | ||
| 100 | _aपाण्डेय, शिवनाथ | ||
| 245 | 0 | _aवाड़मय विलास | |
| 246 | _aVāड़maya vilāsa | ||
| 260 |
_aदिल्ली _b पुस्तक-प्रचार गांधी नगर _c1973 |
||
| 300 |
_a152 पृ. _ccm. |
||
| 650 |
_aहिन्दी साहित्य _9156264 |
||
| 942 |
_hO152,6N40x, L3 _cTEXL _2CC |
||
| 999 |
_c328682 _d328682 |
||